LDR 01323nam a2200313 u 4500 001 000000091828 003 CaOOAMICUS 005 20070226124855.0 008 060328s1970 gw u000 u ger u 035 $a11083490 040 $aPUL(R)$bita 041 1 $ager$agrc 100 0 $aAristoteles,$d384-322 a.C.$0(OLS)http://pul/name/792 240 10$aMetaphysica$9(Aristoteles, 384-322 a.C.).$1Gruppi, scelte.$0(OLS)http://pul/title/35241 245 10$aMetaphysik XII /$cAristoteles ; Übersetzung und Kommentar von Hans-Georg Gadamer. 250 $aZweite, ergänzte Auflage. 260 $aFrankfurt am Main :$bV. Klostermann,$c1970. 300 $a62 p. ;$c20 cm 490 1 $aQuellen der Philosophie ;$vBd. 11 504 $aBibliografia: p. 61-62. 700 1 $aGadamer, Hans Georg,$d1900-2002.$0(OLS)http://pul/name/5709 830 0$aQuellen der Philosophie ;$vBd. 11.$0(OLS)http://pul/title/118445 850 $aPUL 852 $aPUL$W1$xDP1 Fondo Seidl$y56$m4 A 11$j115063$nBK-PRI$b $qFondi$B115595$CPULBib$Z2$F115595 $H $81 900 $aAristotle,$d 384-322 a.C.$9792 900 $aAristotele,$d384-322 a.C.$9792 941 1 $a1 996 $6245$aMetaphysik XII$9(OLS)http://pul/title/118517 996 $6260$aFrankfurt am Main :$bV. Klostermann$9(OLS)http://pul/publisher/49862